MLB General Knowledge #1 - Statistics

General Stats
  • This quiz has been taken 76 times
  • The average score is 6 of 8
Answer Stats
Question Answer % Correct
Who has the most career home runs? Barry Bonds
99%
What is the award given to the best player out of both the NL and the AL? MVP
99%
Who has the most career saves? Mariano Rivera
87%
Who broke Babe Ruth's 714 home run record in1974? Hank Aaron
82%
What team had the longest World Series drought? Chicago Cubs
67%
What award is given to the best pitchers (other than MVP)? Cy Young Award
54%
What was the curse that the Red Sox had? Curse of the Bambino
45%
How long did the curse last? 86 Years
24%
No matching quizzes found
Score Distribution
Percent of People with Each Score
Percentile by Number Answered
Your Score History
You have not taken this quiz